[Event "OP-2016-0-04235"]
[Site "LSS email"]
[Date "2016.12.22"]
[Round "?"]
[White "Caviglia, Maximiliano"]
[Black "Vieito Soria, Luis Maria"]
[Result "1-0"]
[WhiteElo "967"]
[BlackElo "1636"]
[PlyCount "27"]
[EventDate "2016.12.15"]
[EventType "tourn (corr)"]
[EventRounds "4"]
[EventCountry "GER"]
[SourceTitle "Corr 2022"]
[Source "ChessBase"]
[SourceDate "2021.10.24"]
[SourceVersion "1"]
[SourceVersionDate "2021.10.24"]
[SourceQuality "1"]

1. d4 Nf6 2. Nf3 e6 3. e3 d5 4. Bd3 Be7 5. 0-0 0-0 6. Nbd2 b6 7. c3 Bb7 8. Qe2 c5 9. Ne5 Nbd7 10. f4 Ne4 11. Rf3 Qc7 12. Rh3 Nxe5 13. fxe5 f5 14. Qh5 1-0

[Event "SC-2016-0-00312"]
[Site "LSS email"]
[Date "2016.12.21"]
[Round "?"]
[White "Hlavacek, Ladislav"]
[Black "Vieito Soria, Luis Maria"]
[Result "1-0"]
[WhiteElo "1916"]
[BlackElo "1636"]
[PlyCount "27"]
[EventDate "2016.11.21"]
[EventType "tourn (corr)"]
[EventRounds "6"]
[EventCountry "GER"]
[SourceTitle "Corr 2022"]
[Source "ChessBase"]
[SourceDate "2021.10.24"]
[SourceVersion "1"]
[SourceVersionDate "2021.10.24"]
[SourceQuality "1"]

1. Nf3 Nf6 2. d4 e6 3. c4 b6 4. a3 Bb7 5. Nc3 d5 6. Bg5 Be7 7. e3 0-0 8. cxd5 Nxd5 9. Bxe7 Qxe7 10. Nxd5 exd5 11. b4 c5 12. bxc5 bxc5 13. dxc5 Qxc5 14. Rb1 1-0

[Event "SC-2016-0-00312"]
[Site "LSS email"]
[Date "2016.12.21"]
[Round "?"]
[White "Vieito Soria, Luis Maria"]
[Black "Habes, Jiri"]
[Result "0-1"]
[WhiteElo "1636"]
[BlackElo "1751"]
[PlyCount "36"]
[EventDate "2016.11.21"]
[EventType "tourn (corr)"]
[EventRounds "6"]
[EventCountry "GER"]
[SourceTitle "Corr 2022"]
[Source "ChessBase"]
[SourceDate "2021.10.24"]
[SourceVersion "1"]
[SourceVersionDate "2021.10.24"]
[SourceQuality "1"]

1. e4 c5 2. Nf3 d6 3. d3 e5 4. g3 Be7 5. Bg2 Be6 6. 0-0 Nc6 7. Nbd2 Nf6 8. c3 0-0 9. Re1 h6 10. Nf1 Qd7 11. Ne3 Ng4 12. Nd5 f5 13. h3 Nf6 14. Kh2 Nxd5 15. exd5 Bxd5 16. c4 Be6 17. Bd2 a6 18. a4 g5 0-1

[Event "SC-2016-0-00312"]
[Site "LSS email"]
[Date "2016.12.20"]
[Round "?"]
[White "Vieito Soria, Luis Maria"]
[Black "Lebedev, Alexander"]
[Result "0-1"]
[WhiteElo "1636"]
[BlackElo "1910"]
[PlyCount "32"]
[EventDate "2016.11.21"]
[EventType "tourn (corr)"]
[EventRounds "6"]
[EventCountry "GER"]
[SourceTitle "Corr 2022"]
[Source "ChessBase"]
[SourceDate "2021.10.24"]
[SourceVersion "1"]
[SourceVersionDate "2021.10.24"]
[SourceQuality "1"]

1. e4 e5 2. Nf3 Nc6 3. Bb5 a6 4. Ba4 Nf6 5. 0-0 Be7 6. Qe2 b5 7. Bb3 0-0 8. c3 d6 9. d4 Bg4 10. Rd1 exd4 11. cxd4 d5 12. e5 Ne4 13. a4 b4 14. a5 Kh8 15. h3 Bh5 16. g4 Bg6 0-1

[Event "SC-2016-0-00312"]
[Site "LSS email"]
[Date "2016.12.20"]
[Round "?"]
[White "Vieito Soria, Luis Maria"]
[Black "Moreira, Carlos"]
[Result "0-1"]
[WhiteElo "1636"]
[BlackElo "1635"]
[PlyCount "36"]
[EventDate "2016.11.21"]
[EventType "tourn (corr)"]
[EventRounds "6"]
[EventCountry "GER"]
[SourceTitle "Corr 2022"]
[Source "ChessBase"]
[SourceDate "2021.10.24"]
[SourceVersion "1"]
[SourceVersionDate "2021.10.24"]
[SourceQuality "1"]

1. e4 e5 2. Nf3 Nc6 3. Bb5 a6 4. Ba4 Nf6 5. 0-0 Be7 6. Qe2 b5 7. Bb3 0-0 8. c3 d6 9. h3 Na5 10. Bc2 c5 11. d4 Qc7 12. Rd1 cxd4 13. cxd4 Bb7 14. d5 Nc4 15. b3 Nb6 16. Be3 Rfc8 17. Rc1 Nfd7 18. a4 bxa4 0-1